1394 1951 1480 1813 1998 1445 1360 1030 1786 1518 1264 1314 1657 1152 1198 1307 1857 1123 1296 1449 1940 1393 1337 1133 1448 1218 1055 1889 1595 1853 1900 1386 1418 1093 1446 1007 1437 1686 1825 1897 1471 1985 1647 1239 1914 1034 1251 1570 1930 1384 1205 1762 1793 1417 1266 1890 1428 1264 1747 1317 1595 1474 1773 1516 1707 1078 1291 1555 1287 1701 1285 1291 1463 1790 1059 1871 1459 1501 1388 1936 1917 1007 1854 1291 1535 1694 1581 1535 1541 1254 1432 1255 1470 1123 1775 1954 1072 1900 1525 BCNSPRNW ULIB Ver.6.0+V

เปลี่ยนเป็นภาษาไทย

Change to English
 แสดงรายละเอียดบรรณานุกรม
  กลับหน้าหลัก

Brief Record : Get Marc (ISO 2709) : E-mail record : QR code < ปิดหน้าต่าง
LEADER : 00000nam 2200000uu 4500
001    13399113002
003     ULIB
008    110921s2545||||th 000 0 tha d
020    9749005163
050 04 N352^bพ798ส 2545
100 0  พีระพงษ์ กุลพิศาล
245 10 สมองลูกพัฒนาได้ด้วยศิลปะ /^cพีระพงษ์ กุลพิศาล
250    พิมพ์ครั้งที่ 3
260    กรุงเทพฯ :^bธารอักษร,^c2545
300    214 หน้า :^bภาพประกอบ ;^c21 ซม
505 2  ศิลปะกับการพัฒนาสมอง -- ทฤษฎีศิลปะเด็ก -- การรับรู้ของเด็ก --จินตนาการของเด็ก -- การกระตุ้นให้เด็กสร้างสรรค์งานศิลปะ
650  7 ศิลปะกับเด็ก
650  7 ศิลปกรรมของเด็ก
650  7 จิตวิทยาเด็ก
650  7 เด็ก^xการดูแล
945    ^p158^l0^i015366
945    ^p158^l0^i015367
995    ทศพร
999 ^a ทศพร
รายการนี้ยังไม่มีแท็ก
คุณยังไม่ได้ล็อกอิน คุณสามารถมีกิจกรรมร่วมกับเว็บไซต์ได้ แต่ต้องล็อกอินก่อน ::
  ล็อกอิน

รายการสื่อสารสนเทศ

ลำดับที่ ประเภท เลขเรียก/บาร์โค้ด สถานที่ สถานะ
- ไม่พบข้อมูล -

รายการใกล้เคียง
    หัวเรื่อง [จิตวิทยาเด็ก]
    หัวเรื่อง [เด็ก การดูแล]

BibComment


ยังไม่เคยถูกคอมเมนท์

คอมเมนท์ทรัพยากรรายการนี้
  คอมเมนท์: สมองลูกพัฒนาได้ด้..


 Copyright 2026. Bcnsprnw @Library